[Event "Ruhrgebiet Verbandsliga Gruppe 1 1718"]
[Site "Germany"]
[Date "2018.01.14"]
[Round "5.5"]
[White "Kelm, Marcel"]
[Black "Schawacht, Max"]
[Result "0-1"]
[WhiteElo "1867"]
[BlackElo "1859"]
[PlyCount "52"]
[EventDate "2017.09.17"]
[EventType "team-tourn"]
[EventRounds "9"]
[EventCountry "GER"]
[SourceTitle "EXT 2022"]
[Source "ChessBase"]
[SourceDate "2021.10.06"]
[SourceVersion "1"]
[SourceVersionDate "2021.10.06"]
[SourceQuality "1"]
[WhiteTeam "Muelheim Nord IV"]
[BlackTeam "Erkenschwick II"]
[WhiteTeamCountry "GER"]
[BlackTeamCountry "GER"]

1. Nf3 d5 2. g3 Bg4 3. Bg2 Nd7 4. d4 e6 5. 0-0 Bd6 6. c4 c6 7. Nbd2 Ngf6 8. b3 0-0 9. Bb2 Ne4 10. Ne1 f5 11. f3 Nxd2 12. Qxd2 Bh5 13. e4 fxe4 14. fxe4 Rxf1+ 15. Kxf1 dxe4 16. Bxe4 Nf6 17. Bg2 Qe7 18. Nd3 Rf8 19. Kg1 Ng4 20. h3 Bxg3 21. hxg4 Qh4 22. Bxc6 Bxg4 23. Bxb7 Rf3 24. Bxf3 Bxf3 25. Nf2 Qh2+ 26. Kf1 Qg2+ 0-1

[Event "Ruhrgebiet Verbandsklasse Gruppe 2 1516"]
[Site "Germany"]
[Date "2015.12.20"]
[Round "5.7"]
[White "Linde, Karl Heinz"]
[Black "Kelm, Marcel"]
[Result "0-1"]
[WhiteElo "1457"]
[BlackElo "1890"]
[PlyCount "82"]
[EventDate "2015.09.06"]
[EventType "team-tourn"]
[EventRounds "9"]
[EventCountry "GER"]
[SourceTitle "EXT 2022"]
[Source "ChessBase"]
[SourceDate "2021.10.06"]
[SourceVersion "1"]
[SourceVersionDate "2021.10.06"]
[SourceQuality "1"]
[WhiteTeam "Ickern"]
[BlackTeam "Muelheim Nord IV"]
[WhiteTeamCountry "GER"]
[BlackTeamCountry "GER"]

1. e4 c5 2. Nf3 e6 3. d4 cxd4 4. Nxd4 a6 5. Be2 Qc7 6. 0-0 Nf6 7. Nc3 Bb4 8. f3 Bxc3 9. bxc3 Qxc3 10. Bg5 Nc6 11. Bxf6 gxf6 12. Nxc6 Qxc6 13. c4 b5 14. Qd4 e5 15. cxb5 axb5 16. Qb2 Ra5 17. Rfc1 Qb6+ 18. Kf1 0-0 19. a4 Ba6 20. Qb4 Rb8 21. axb5 Rxa1 22. Rxa1 Bxb5 23. Qd2 Bxe2+ 24. Qxe2 Qb4 25. Rd1 Rb7 26. Qc2 Qb5+ 27. Qd3 Qxd3+ 28. Rxd3 Kg7 29. Kf2 Kf8 30. Kg3 Ke7 31. Rd2 Ke6 32. Kg4 Rb4 33. Kh5 Rd4 34. Rb2 f5 35. Re2 fxe4 36. fxe4 f5 37. exf5+ Kxf5 38. Rf2+ Rf4 39. Rd2 Ke6 40. Kg5 Rf6 41. Kg4 e4 0-1

[Event "Ruhrgebiet Verbandsliga Gruppe 2 1415"]
[Site "Germany"]
[Date "2014.09.21"]
[Round "1.3"]
[White "Kelm, Marcel"]
[Black "Ricken, Roland"]
[Result "1/2-1/2"]
[WhiteElo "1931"]
[BlackElo "1852"]
[PlyCount "25"]
[EventDate "2014.09.21"]
[EventType "team-tourn"]
[EventRounds "9"]
[EventCountry "GER"]
[SourceTitle "EXT 2022"]
[Source "ChessBase"]
[SourceDate "2021.10.06"]
[SourceVersion "1"]
[SourceVersionDate "2021.10.06"]
[SourceQuality "1"]
[WhiteTeam "Muelheim Nord IV"]
[BlackTeam "Buer SF"]
[WhiteTeamCountry "GER"]
[BlackTeamCountry "GER"]

1. Nf3 Nc6 2. d4 d6 3. g3 e5 4. dxe5 Nxe5 5. Nxe5 dxe5 6. Qxd8+ Kxd8 7. Bg2 c6 8. Nc3 Nf6 9. Bg5 h6 10. 0-0-0+ Kc7 11. Bxf6 gxf6 12. Rd3 Be7 13. Rhd1 1/2-1/2

[Event "Dortmund Sparkassen op-A"]
[Site "Dortmund"]
[Date "2010.07.19"]
[Round "3"]
[White "Tkachuk, Konstantyn"]
[Black "Kelm, Marcel"]
[Result "1-0"]
[WhiteElo "2181"]
[BlackElo "1951"]
[PlyCount "85"]
[EventDate "2010.07.17"]
[EventType "swiss"]
[EventRounds "9"]
[EventCountry "GER"]
[SourceTitle "CBM 137 Extra"]
[Source "ChessBase"]
[SourceDate "2010.09.01"]
[SourceVersion "1"]
[SourceVersionDate "2010.09.01"]
[SourceQuality "1"]

1. e4 e6 2. d4 d5 3. exd5 exd5 4. Nf3 Nc6 5. Bb5 Bd6 6. c4 dxc4 7. d5 a6 8. Ba4 b5 9. dxc6 bxa4 10. 0-0 Ne7 11. Qxa4 0-0 12. Nbd2 c3 13. bxc3 Qe8 14. Nd4 Bb7 15. Rb1 Bxc6 16. Nxc6 Qxc6 17. Qxc6 Nxc6 18. Nc4 Rab8 19. Rb3 Rb5 20. Nxd6 cxd6 21. Rd1 Re8 22. Rxb5 axb5 23. Kf1 Rd8 24. Bf4 d5 25. Rb1 d4 26. Rxb5 d3 27. Ke1 f6 28. Kd2 g5 29. Rc5 Ne5 30. Be3 Ng6 31. Bd4 Nf4 32. g3 Ne6 33. Rc4 Rb8 34. Kxd3 Rb2 35. a4 Nxd4 36. cxd4 Rxf2 37. Rc2 Rf3+ 38. Kc4 Ra3 39. Kb5 Rd3 40. Kc5 Ra3 41. Kb5 Rd3 42. Rc4 Rd2 43. a5 1-0

[Event "Dortmund op"]
[Site "Dortmund"]
[Date "2009.07.11"]
[Round "8"]
[White "Tunkel, Stefan"]
[Black "Kelm, Marcel"]
[Result "1/2-1/2"]
[WhiteElo "1822"]
[BlackElo "1969"]
[PlyCount "33"]
[EventDate "2009.07.04"]
[EventType "swiss"]
[EventRounds "9"]
[EventCountry "GER"]
[SourceTitle "CBM 131 Extra"]
[Source "ChessBase"]
[SourceDate "2009.09.03"]
[SourceVersion "2"]
[SourceVersionDate "2009.09.16"]
[SourceQuality "1"]

1. e4 c6 2. d4 d5 3. Nc3 dxe4 4. Nxe4 Bf5 5. Ng3 Bg6 6. h4 h6 7. h5 Bh7 8. Nf3 Nd7 9. Bd3 Bxd3 10. Qxd3 Qc7 11. Bd2 Ngf6 12. c4 0-0-0 13. 0-0-0 e6 14. Bc3 Bd6 15. Ne4 Nxe4 16. Qxe4 Nf6 17. Qe2 1/2-1/2

[Event "Dortmund op"]
[Site "Dortmund"]
[Date "2009.07.09"]
[Round "6"]
[White "Beutelhoff, Josef"]
[Black "Kelm, Marcel"]
[Result "1-0"]
[WhiteElo "2151"]
[BlackElo "1969"]
[PlyCount "79"]
[EventDate "2009.07.04"]
[EventType "swiss"]
[EventRounds "9"]
[EventCountry "GER"]
[SourceTitle "CBM 131 Extra"]
[Source "ChessBase"]
[SourceDate "2009.09.03"]
[SourceVersion "2"]
[SourceVersionDate "2009.09.16"]
[SourceQuality "1"]

1. d4 Nf6 2. c4 Nc6 3. d5 Ne5 4. Qd4 d6 5. e4 c5 6. Qe3 e6 7. f4 Ng6 8. Nf3 exd5 9. cxd5 Be7 10. Nc3 0-0 11. Be2 Ng4 12. Qg1 f5 13. exf5 Bxf5 14. h3 Nh6 15. g4 Bd7 16. f5 Nh4 17. Qg3 Nxf3+ 18. Qxf3 Bh4+ 19. Kd1 Nf7 20. Bf4 Qb6 21. Kc2 Bf6 22. Rab1 Rfe8 23. Rhe1 Re7 24. Bd3 Rae8 25. Re6 Be5 26. Bd2 Bf6 27. Qe2 Bxe6 28. dxe6 Nd8 29. Nd5 Nc6 30. Bc3 Bxc3 31. bxc3 Qa5 32. Kd1 a6 33. g5 b5 34. Nxe7+ Nxe7 35. f6 Nd5 36. f7+ Kf8 37. fxe8Q+ Kxe8 38. Rc1 Qxc3 39. Bxb5+ axb5 40. Qxb5+ 1-0

[Event "Dortmund op"]
[Site "Dortmund"]
[Date "2009.07.05"]
[Round "2"]
[White "Rettenbacher, Stefan"]
[Black "Kelm, Marcel"]
[Result "1-0"]
[WhiteElo "2105"]
[BlackElo "1969"]
[PlyCount "83"]
[EventDate "2009.07.04"]
[EventType "swiss"]
[EventRounds "9"]
[EventCountry "GER"]
[SourceTitle "CBM 131 Extra"]
[Source "ChessBase"]
[SourceDate "2009.09.03"]
[SourceVersion "2"]
[SourceVersionDate "2009.09.16"]
[SourceQuality "1"]

1. d4 Nf6 2. c4 Nc6 3. Nf3 e6 4. g3 d5 5. Bg2 dxc4 6. 0-0 Be7 7. Qa4 0-0 8. Qxc4 Qd5 9. b3 Rd8 10. Bb2 Qxc4 11. bxc4 Nb4 12. Nbd2 c5 13. e3 cxd4 14. exd4 Nd3 15. Bc3 Bb4 16. Bxb4 Nxb4 17. Rfc1 a5 18. Ne5 Nd7 19. a3 Nxe5 20. axb4 Nd3 21. Rcb1 Rxd4 22. bxa5 Nc5 23. Nb3 Rxc4 24. Nxc5 Rxc5 25. Bxb7 Bxb7 26. Rxb7 g6 27. a6 Kg7 28. a7 Rcc8 29. Ra6 Kf6 30. Kg2 h5 31. h4 Re8 32. Rab6 Re7 33. Rxe7 Kxe7 34. Rb7+ Kf6 35. Kf3 e5 36. Ke4 Ke6 37. Rb6+ Ke7 38. Ra6 f6 39. Kd5 Kd7 40. Rxf6 Rg8 41. Rf7+ Kc8 42. a8Q# 1-0

[Event "Oberliga NRW 0809"]
[Site "Germany"]
[Date "2009.03.22"]
[Round "8.4"]
[White "Kelm, Marcel"]
[Black "Schmitz, Joachim"]
[Result "0-1"]
[WhiteElo "1998"]
[BlackElo "2317"]
[PlyCount "40"]
[EventDate "2008.09.21"]
[EventType "team-tourn"]
[EventRounds "9"]
[EventCountry "GER"]
[SourceTitle "EXT 2010"]
[Source "ChessBase"]
[SourceDate "2010.11.25"]
[SourceVersion "1"]
[SourceVersionDate "2010.11.25"]
[SourceQuality "1"]
[WhiteTeam "Nord II"]
[BlackTeam "Duisburg"]
[WhiteTeamCountry "GER"]
[BlackTeamCountry "GER"]

1. e4 c5 2. Ne2 Nc6 3. c4 g6 4. Nbc3 Bg7 5. g3 d6 6. Bg2 Nf6 7. 0-0 0-0 8. f4 Bg4 9. h3 Bxe2 10. Nxe2 Rb8 11. d3 Nd7 12. g4 Nd4 13. Rb1 b5 14. Be3 Qa5 15. Nc1 Nb6 16. cxb5 Qxb5 17. b3 Na4 18. Bd2 Qa6 19. Qe1 Nc2 20. Qe2 Na3 0-1

[Event "GER-chT U20"]
[Site "Arendsee"]
[Date "2008.12.29"]
[Round "6.3"]
[White "Kelm, Marcel"]
[Black "Rosenblatt, Marcus"]
[Result "0-1"]
[WhiteElo "1850"]
[BlackElo "1936"]
[PlyCount "76"]
[EventDate "2008.12.27"]
[EventType "team-swiss"]
[EventRounds "7"]
[EventCountry "GER"]
[SourceTitle "CBM 128 Extra"]
[Source "ChessBase"]
[SourceDate "2009.03.05"]
[SourceVersion "2"]
[SourceVersionDate "2009.03.25"]
[SourceQuality "1"]
[WhiteTeam "Muelheim Nord"]
[BlackTeam "Chemnitz USG"]
[WhiteTeamCountry "GER"]
[BlackTeamCountry "GER"]

1. c4 Nf6 2. Nc3 g6 3. g3 Bg7 4. Bg2 0-0 5. d3 d6 6. e4 Nc6 7. Nge2 a6 8. 0-0 Rb8 9. f4 e5 10. a4 Nd7 11. f5 Nc5 12. Nd5 Re8 13. f6 Bf8 14. b4 Ne6 15. Be3 Ncd4 16. Rb1 c6 17. Ndc3 Bd7 18. Qc1 h5 19. Bh6 Kh7 20. Bxf8 Rxf8 21. h3 a5 22. Nxd4 exd4 23. Ne2 axb4 24. Qe1 Qa5 25. g4 hxg4 26. Rf5 gxf5 27. Qh4+ Kg6 28. exf5+ Qxf5 29. Be4 Qxe4 30. dxe4 Rh8 31. Qxg4+ Kxf6 32. Qf5+ Ke7 33. Kf2 Rbg8 34. Ng1 Ng5 35. Qf4 Rxh3 36. Ke2 Re3+ 37. Kd2 Nxe4+ 38. Kc2 Rg2+ 0-1

[Event "GER-ch U25 op"]
[Site "Willingen"]
[Date "2008.05.11"]
[Round "2"]
[White "Jahncke, Giso"]
[Black "Kelm, Marcel"]
[Result "1-0"]
[WhiteElo "2031"]
[BlackElo "2016"]
[PlyCount "51"]
[EventDate "2008.05.11"]
[EventType "swiss"]
[EventRounds "9"]
[EventCountry "GER"]
[SourceTitle "CBM 124 Extra"]
[Source "ChessBase"]
[SourceDate "2008.07.03"]
[SourceVersion "1"]
[SourceVersionDate "2008.07.03"]
[SourceQuality "1"]

1. e4 c5 2. Nf3 e6 3. d4 cxd4 4. Nxd4 a6 5. Bd3 Nf6 6. Qe2 d6 7. c4 Nbd7 8. Nc3 Qc7 9. 0-0 b6 10. Bd2 Bb7 11. Rae1 Be7 12. Kh1 Ne5 13. f4 Nxd3 14. Qxd3 Nd7 15. b3 0-0 16. f5 Kh8 17. Qh3 Bf6 18. fxe6 Nc5 19. Rxf6 gxf6 20. e7 Qxe7 21. Nd5 Qe5 22. Nf3 Qe6 23. Qh4 Bxd5 24. cxd5 Qe7 25. Bc3 Nd7 26. Ng5 1-0

[Event "NRW U18 op"]
[Site "Olpe"]
[Date "2005.10.03"]
[Round "5.32"]
[White "Kelm, Marcel"]
[Black "Zibisow, Nikita"]
[Result "1-0"]
[WhiteElo "1471"]
[BlackElo "1230"]
[PlyCount "97"]
[EventDate "2005.10.01"]
[EventType "swiss"]
[EventRounds "7"]
[EventCountry "GER"]
[SourceTitle "CBM 108 Extra"]
[Source "ChessBase"]
[SourceDate "2005.11.04"]
[SourceVersion "1"]
[SourceVersionDate "2005.11.04"]
[SourceQuality "1"]

1. c4 e5 2. Nc3 d6 3. g3 Nf6 4. Bg2 Nc6 5. h3 Be7 6. e4 Bd7 7. Nge2 0-0 8. 0-0 Qc8 9. Kh2 Nd4 10. f4 Nxe2 11. Qxe2 exf4 12. gxf4 h6 13. d3 c6 14. f5 Nh7 15. Qg4 Bg5 16. Bxg5 Nxg5 17. Qg3 Qb8 18. h4 Nh7 19. f6 g6 20. d4 b6 21. e5 dxe5 22. dxe5 Re8 23. Rad1 Qc8 24. Be4 Nf8 25. Rd6 Re6 26. Rfd1 Rb8 27. Qf4 Rxd6 28. Qxh6 Ne6 29. Rxd6 Qf8 30. Qxf8+ Nxf8 31. Bxc6 Bf5 32. Be4 Be6 33. b3 Nd7 34. Bd5 Bf5 35. e6 Nxf6 36. exf7+ Kg7 37. Rc6 Rf8 38. Rc7 Nxd5 39. cxd5 Rxf7 40. d6 Rxc7 41. dxc7 Kh6 42. Nb5 a6 43. Nd6 Bd7 44. c8Q Bxc8 45. Nxc8 b5 46. Ne7 g5 47. hxg5+ Kxg5 48. Nd5 b4 49. Nxb4 1-0

[Event "NRW U18 op"]
[Site "Olpe"]
[Date "2005.10.02"]
[Round "3.18"]
[White "Kelm, Marcel"]
[Black "Madalinski, Nikolaus"]
[Result "1/2-1/2"]
[WhiteElo "1471"]
[BlackElo "1731"]
[PlyCount "39"]
[EventDate "2005.10.01"]
[EventType "swiss"]
[EventRounds "7"]
[EventCountry "GER"]
[SourceTitle "CBM 108 Extra"]
[Source "ChessBase"]
[SourceDate "2005.11.04"]
[SourceVersion "1"]
[SourceVersionDate "2005.11.04"]
[SourceQuality "1"]

1. c4 e6 2. Nc3 Nf6 3. g3 d5 4. cxd5 exd5 5. d4 c6 6. Bg2 Bb4 7. a3 Ba5 8. e3 0-0 9. Nge2 Re8 10. 0-0 Bf5 11. Na4 Nbd7 12. b4 Bc7 13. Nc5 Nxc5 14. dxc5 Be5 15. Nd4 Be4 16. Ra2 Qd7 17. Nf3 Bxf3 18. Bxf3 Rad8 19. Rd2 Qc8 20. Qc2 1/2-1/2

[Event "NRW U18 op"]
[Site "Olpe"]
[Date "2005.10.01"]
[Round "1.7"]
[White "Savchenko, Aleksij"]
[Black "Kelm, Marcel"]
[Result "1-0"]
[WhiteElo "2013"]
[BlackElo "1471"]
[PlyCount "43"]
[EventDate "2005.10.01"]
[EventType "swiss"]
[EventRounds "7"]
[EventCountry "GER"]
[SourceTitle "CBM 108 Extra"]
[Source "ChessBase"]
[SourceDate "2005.11.04"]
[SourceVersion "1"]
[SourceVersionDate "2005.11.04"]
[SourceQuality "1"]

1. d4 Nf6 2. c4 g6 3. Nc3 Bg7 4. e4 d6 5. f3 0-0 6. Be3 Nbd7 7. Qd2 e5 8. d5 a5 9. 0-0-0 b6 10. g4 Nc5 11. h4 a4 12. h5 Bb7 13. Nge2 Nfd7 14. Bh6 Nb3+ 15. axb3 axb3 16. Bxg7 Ra1+ 17. Nb1 Kxg7 18. hxg6 fxg6 19. Qh6+ Kf7 20. Qxh7+ Kf6 21. g5+ Kxg5 22. Qh4# 1-0

[Event "Solingen op-B"]
[Site "Solingen"]
[Date "2005.05.29"]
[Round "7"]
[White "Kelm, Marcel"]
[Black "Winkler, Fabian"]
[Result "1/2-1/2"]
[WhiteElo "1257"]
[BlackElo "1712"]
[PlyCount "25"]
[EventDate "2005.05.26"]
[EventType "swiss"]
[EventRounds "7"]
[EventCountry "GER"]
[SourceTitle "EXT 2006"]
[Source "ChessBase"]
[SourceDate "2005.11.24"]
[SourceVersion "1"]
[SourceVersionDate "2005.11.24"]
[SourceQuality "1"]

1. c4 g6 2. Nc3 Bg7 3. g3 c6 4. Bg2 Nf6 5. Nf3 d5 6. cxd5 cxd5 7. d4 0-0 8. 0-0 b6 9. e3 Bb7 10. Bd2 Nbd7 11. Rc1 Rc8 12. Qb3 e6 13. Nb5 1/2-1/2

[Event "Solingen op-B"]
[Site "Solingen"]
[Date "2005.05.28"]
[Round "5"]
[White "Kelm, Marcel"]
[Black "Dirking, Bjoern"]
[Result "1-0"]
[WhiteElo "1257"]
[BlackElo "908"]
[PlyCount "49"]
[EventDate "2005.05.26"]
[EventType "swiss"]
[EventRounds "7"]
[EventCountry "GER"]
[SourceTitle "EXT 2006"]
[Source "ChessBase"]
[SourceDate "2005.11.24"]
[SourceVersion "1"]
[SourceVersionDate "2005.11.24"]
[SourceQuality "1"]

1. c4 e5 2. Nc3 Nf6 3. g3 Bc5 4. Bg2 Ng4 5. e3 Qf6 6. Qxg4 d5 7. Qxc8+ Qd8 8. Qxd8+ Kxd8 9. Bxd5 c6 10. Bxf7 Rf8 11. Bh5 Nd7 12. Nge2 Nf6 13. Bf3 Nd7 14. Bg2 Ke7 15. 0-0 Rf7 16. d4 exd4 17. exd4 Bb6 18. Bg5+ Kf8 19. Be3 Re8 20. Rae1 c5 21. dxc5 Nxc5 22. Bxc5+ Bxc5 23. Nf4 Rxe1 24. Rxe1 g5 25. Ne6+ 1-0

[Event "Solingen op-B"]
[Site "Solingen"]
[Date "2005.05.27"]
[Round "3"]
[White "Johnen, Franz"]
[Black "Kelm, Marcel"]
[Result "1-0"]
[WhiteElo "1631"]
[BlackElo "1257"]
[PlyCount "102"]
[EventDate "2005.05.26"]
[EventType "swiss"]
[EventRounds "7"]
[EventCountry "GER"]
[SourceTitle "EXT 2006"]
[Source "ChessBase"]
[SourceDate "2005.11.24"]
[SourceVersion "1"]
[SourceVersionDate "2005.11.24"]
[SourceQuality "1"]

1. d4 Nf6 2. c4 g6 3. Nc3 Bg7 4. e4 d6 5. h3 0-0 6. Nf3 a5 7. Be3 Na6 8. Be2 Qe8 9. 0-0 e5 10. d5 Bd7 11. a3 Nc5 12. Bxc5 dxc5 13. Qc2 Nh5 14. Nh2 Nf4 15. Bf3 f5 16. a4 Qe7 17. Rad1 Ra6 18. b3 Qg5 19. Kh1 fxe4 20. Nxe4 Bf5 21. Rd2 Bxe4 22. Bxe4 Rd6 23. Qd1 Bh6 24. Rc2 Ne6 25. Rc3 Nd4 26. Ng4 Bg7 27. Qe1 Qf4 28. Re3 h5 29. g3 Qg5 30. Nh2 Qf6 31. Qxa5 b6 32. Qe1 Bh6 33. Rc3 Rd7 34. Nf3 g5 35. Nxd4 exd4 36. Rf3 Qe7 37. Rxf8+ Qxf8 38. Qd1 Re7 39. Qxh5 Rxe4 40. Qg6+ Qg7 41. Qxe4 Kf7 42. Qe6+ Kf8 43. Qc8+ Kf7 44. Qxc7+ Kg8 45. d6 g4 46. Qc8+ Kh7 47. Qf5+ Kh8 48. d7 Qe7 49. hxg4 Bg5 50. Kg2 Kg7 51. Rh1 Qf6 1-0